|
|
|
|
| LEADER |
01782nam a2200469 a 4500 |
| 001 |
nkc20071710343 |
| 003 |
CZ PrNK |
| 005 |
20070517111826.0 |
| 007 |
ta |
| 008 |
070313s2007 xr e p 000 0 cze |
| 015 |
|
|
|a cnb001710343
|
| 020 |
|
|
|a 978-80-245-1162-7
|q (brož.)
|
| 035 |
|
|
|a (OCoLC)124091882
|
| 040 |
|
|
|a ABA001
|b cze
|
| 072 |
|
7 |
|a 33
|x Ekonomie
|2 Konspekt
|9 4
|
| 072 |
|
7 |
|a 37.016
|x Učební osnovy. Vyučovací předměty. Učebnice
|2 Konspekt
|9 22
|
| 080 |
|
|
|a 33
|2 MRF
|
| 080 |
|
|
|a 519.673
|2 MRF
|
| 080 |
|
|
|a (07)
|2 MRF
|
| 100 |
1 |
|
|a Bartošová, Jitka
|7 mzk2004258375
|4 aut
|
| 245 |
1 |
0 |
|a Modelování v ekonomii :
|b podpůrný učební text k on-line kurzu 6MI420 /
|c Jitka Bartošová
|
| 250 |
|
|
|a Vyd. 1.
|
| 260 |
|
|
|a V Praze :
|b Oeconomica,
|c 2007
|
| 300 |
|
|
|a 26 s. ;
|c 30 cm +
|e 1 CD-ROM
|
| 500 |
|
|
|a Nad názvem: Vysoká škola ekonomická v Praze, Fakulta managementu Jindřichův Hradec
|
| 500 |
|
|
|a 50 výt.
|
| 504 |
|
|
|a Obsahuje bibliografie
|
| 521 |
8 |
|
|a Určeno pro inženýrské studium
|
| 550 |
|
|
|a Vydavatel: Vysoká škola ekonomická v Praze
|
| 650 |
0 |
7 |
|a ekonomie
|7 ph114430
|2 czenas
|
| 650 |
0 |
7 |
|a matematické modelování
|7 ph115240
|2 czenas
|
| 650 |
0 |
9 |
|a economics
|2 eczenas
|
| 650 |
0 |
9 |
|a mathematical modeling
|2 eczenas
|
| 655 |
|
7 |
|a učební texty
|7 fd133599
|2 czenas
|
| 655 |
|
9 |
|a educational texts
|2 eczenas
|
| 710 |
2 |
|
|a Vysoká škola ekonomická v Praze.
|b Fakulta managementu
|7 ko2002109809
|
| 856 |
4 |
1 |
|u http://www.digitalniknihovna.cz/mzk/uuid/uuid:2a8bb210-df2d-11e7-bbbb-005056827e51
|y Digitalizovaný dokument
|x NDK
|
| 910 |
2 |
|
|a BOA001
|b 3-1181.888
|
| 990 |
|
|
|a BK
|
| 995 |
|
|
|a 01
|
| 991 |
|
|
|b 200703
|c NOV
|
| 996 |
6 |
|
|b 2610304334
|c 3-1181.888
|l MZK
|r Sklad / do 1 hodiny
|n 0
|p p.v.
|w 000842926
|u 000010
|a 1
|e BOA001
|j MZK50
|s P
|